Brighton and Hove Albion FC 2020-2021 Squad - Statistics

General Stats
  • This quiz has been taken 160 times
    159 since last reset
  • The average score is 18 of 29
Answer Stats
Position Kit Number Nationality Answer % Correct
GK #1 Australia Mathew Ryan
95%
DEF (c) #5 England Lewis Dunk
93%
Manager N/A English Graham Potter
92%
FOR #9 France Neal Maupay
90%
MID #11 Belgium Leandro Trossard
86%
MID #8 Mali Yves Bissouma
84%
GK #26 Spain Robert Sánchez
80%
MID #13 Germany Pascal Groß
79%
DEF #4 England Adam Webster
77%
MID #10 Argentina Alexis Mac Allister
77%
DEF #33 England Dan Burn
75%
DEF #2 England Tariq Lamptey
73%
DEF #3 England Ben White
71%
FOR #18 England Danny Welbeck
71%
DEF #34 Netherlands Joël Veltman
69%
MID #14 England Adam Lallana
68%
MID #20 England Solly March
61%
MID #24 Netherlands Davy Pröpper
60%
FOR #7 Ireland Aaron Connolly
59%
MID #17 Colombia Steven Alzate
55%
GK #23 England Jason Steele
54%
DEF #30 Brazil Bernardo
52%
FOR #19 Colombia José Izquierdo
51%
FOR #21 Romania Florin Andone
46%
FOR #16 Iran Alireza Jahanbakhsh
40%
FOR #29 Switzerland Andi Zeqiri
33%
GK #33 England Christian Walton
27%
MID #49 Ireland Jayson Molumby
20%
MID #41 England Max Sanders
12%
No matching quizzes found
Score Distribution
Percent of People with Each Score
Percentile by Number Answered
Your Score History
You have not taken this quiz since the last reset